Statistiques concernant Intercommunalité de l'Ariège

Cliquez ici pour prendre le quiz!

Statistiques générales

  • Ce quiz a été pris 12 fois
  • Le résultat moyen est 4 sur 8

Statistiques - réponses

Nombres de communesIntercommunalités% Correct
42Communauté d'Agglomération Pays de Foix-Varilhes
100%
34Communauté de Communes des Portes d'Ariège Pyrénées
100%
20Communauté de Communes du Pays de Tarascon
75%
52Communauté de Communes de la Haute Ariège
50%
33Communauté de Communes du Pays de Mirepoix
33%
24Communauté de Communes du Pays d'Olmes
33%
94Communauté de Communes Courserans-Pyrénées
17%
27Communauté de Communes Arize Lèze
8%

Distribution des résultats

Percentile par nombre de réponses

% des personnes avec chaque résultat

Votre développement - résultats

Vous n’avez pas pris ce quiz